header

America's communal utopias (Record no. 213369)

MARC details
000 -LEADER
fixed length control field 01335nam a2200325Ia 4500
245 00 - TITLE STATEMENT
Title America's communal utopias
260 ## - PUBLICATION, DISTRIBUTION, ETC. (IMPRINT)
Place of publication Chapel Hill :
Name of publisher University of North Carolina Press,
Year of publication c1997.
300 ## - PHYSICAL DESCRIPTION
Number of Pages xxi, 537 p. :
Other physical details ill., maps.
650 #0 - SUBJECT ADDED ENTRY--TOPICAL TERM
Topical Term Collective settlements
Topical Term Communitarianism
700 1# - ADDED ENTRY--PERSONAL NAME
Personal name Pitzer, Donald E.
856 40 - ELECTRONIC LOCATION AND ACCESS
Uniform Resource Identifier http://site.ebrary.com/lib/rucke/Doc?id=10367480

No items available.

© 2026 Rongo University
Contact us: librarian | system librarian | Rongo university